| 000 | 00482nam a2200193Ia 4500 | ||
|---|---|---|---|
| 003 | 0100 | ||
| 005 | 20160817112114.0 | ||
| 008 | 130303s9999 xx 000 0 und d | ||
| 040 | _cARRUPELIB | ||
| 050 | _aBR252.D3 | ||
| 100 |
_aDaniel-Rops, Henry _925190 |
||
| 245 | 4 | _aThe Church in the dark ages | |
| 260 | _aLondon | ||
| 260 | _bDent | ||
| 300 | _a624p | ||
| 650 |
_aChurch history _xMiddle ages _925191 |
||
| 700 |
_atr. by Audrey Butler _925192 |
||
| 942 |
_2lcc _cMONOGRAPH |
||
| 999 |
_c47501 _d47501 |
||